000 00665nam a2200169 a 4500
001 BRCA_1524
005 20190320203448.0
008 950322s1994 mx-a---##c---#000-0#spa-#
050 4 _aN6556.G8
_b.V45 1994
245 1 0 _a28 [i.e. Veintiocho] artistas Guanajuatenses en apoyo al campo.
260 _a[Guanajuato
_bGobierno del Estado de Guanajuato : Instituto de la Cultura del Estado
_c1994]
300 _a1 v. (sin paginación)
_bil. (algunas a color)
_c29 cm.
500 _aCatálogo de la exposición realizada en verano, 1994
650 1 4 _aArte mexicano
_vExposiciones
_ySiglo XX
_92618
650 1 4 _aArte en la vida del país
_vExposiciones
_94936
942 _2lcc
_cB
999 _c1374
_d1374